[Event "CZE-chT2A 2223"]
[Site "Czech Republic"]
[Date "2023.02.19"]
[Round "9.7"]
[White "Gregor, Alexandr"]
[Black "Simacek, Vaclav"]
[Result "1-0"]
[WhiteElo "1563"]
[BlackElo "1879"]
[PlyCount "53"]
[EventDate "2022.10.16"]
[EventType "team-tourn"]
[EventRounds "11"]
[EventCountry "CZE"]
[SourceTitle "EXT 2024"]
[Source "ChessBase"]
[SourceDate "2023.10.10"]
[SourceVersion "1"]
[SourceVersionDate "2023.10.10"]
[SourceQuality "1"]
[WhiteTeam "Budejovice II"]
[BlackTeam "Klatovy"]
[WhiteTeamCountry "CZE"]
[BlackTeamCountry "CZE"]

1. e4 Nc6 2. d4 d5 3. e5 Bf5 4. Nf3 Qd7 5. Bb5 a6 6. Ba4 f6 7. 0-0 g5 8. Re1 0-0-0 9. c3 h5 10. b4 b5 11. Bc2 h4 12. a4 Kb7 13. axb5 Nb8 14. bxa6+ Ka7 15. Bxf5 Qxf5 16. Qe2 Qd7 17. b5 g4 18. Nfd2 f5 19. c4 dxc4 20. Qxc4 e6 21. Ba3 Bxa3 22. Nxa3 Qe7 23. Reb1 Nh6 24. b6+ cxb6 25. Nb5+ Ka8 26. Nc7+ Ka7 27. Rxb6 1-0

[Event "Ceske Budejovice op-A"]
[Site "Ceske Budejovice"]
[Date "2022.07.08"]
[Round "8"]
[White "Vilimek, Vit"]
[Black "Simacek, Vaclav"]
[Result "0-1"]
[WhiteElo "1996"]
[BlackElo "1856"]
[PlyCount "162"]
[EventDate "2022.07.01"]
[EventType "swiss"]
[EventRounds "9"]
[EventCountry "CZE"]
[SourceTitle "CBM 209 Extra"]
[Source "ChessBase"]
[SourceDate "2022.09.30"]
[SourceVersion "1"]
[SourceVersionDate "2022.09.30"]
[SourceQuality "1"]

1. e4 Nc6 2. Nf3 e5 3. Nc3 Bb4 4. Bb5 Nge7 5. d3 Nd4 6. Bd2 Bxc3 7. Bxc3 Nxb5 8. Bxe5 f6 9. Bg3 d6 10. a4 Bd7 11. axb5 Bxb5 12. c3 Bc6 13. 0-0 0-0 14. Re1 Ng6 15. d4 a6 16. Qb3+ d5 17. e5 Kh8 18. Re3 f5 19. e6 f4 20. Bh4 Nxh4 21. e7 Nxf3+ 22. gxf3 Qd6 23. exf8Q+ Rxf8 24. Re5 Qg6+ 25. Kh1 Qh6 26. Rg1 Qh3 27. Qd1 h6 28. Rg2 Be8 29. Qd3 Bh5 30. Kg1 c6 31. Re7 Bf7 32. Rg4 g5 33. Qe2 Kg8 34. Qe5 Qxf3 35. Rg2 Qd1+ 36. Qe1 Qxe1+ 37. Rxe1 Bh5 38. Kf1 Bf3 39. Rg1 Kf7 40. Re5 Kf6 41. Ke1 c5 42. Kd2 Rd8 43. Rge1 Be4 44. f3 cxd4 45. cxd4 Bxf3 46. Re6+ Kf5 47. R1e5+ Kg4 48. Rxh6 Be4 49. h3+ Kf3 50. Rxg5 Rc8 51. Rb6 Rc2+ 52. Kd1 Rh2 53. Rxb7 Ke3 54. Rb3+ Kxd4 55. Ke1 f3 56. Rg3 Rc2 57. Rgxf3 Bxf3 58. Rxf3 Rxb2 59. Ra3 Rb6 60. Kd2 Rh6 61. h4 Kc4 62. Ra4+ Kb5 63. Rd4 Rh5 64. Kc3 a5 65. Rg4 Rf5 66. Rg3 Kc5 67. Rh3 Rh5 68. Rh1 a4 69. Rh2 d4+ 70. Kd3 a3 71. Rc2+ Kd5 72. Rh2 Re5 73. Ra2 Re3+ 74. Kd2 Rh3 75. Ra1 Kc4 76. Rc1+ Rc3 77. Ra1 Rb3 78. Rc1+ Kb4 79. Rc8 a2 80. Rb8+ Ka3 81. Rc8 a1Q 0-1

[Event "Ceske Budejovice op-A"]
[Site "Ceske Budejovice"]
[Date "2022.07.05"]
[Round "5"]
[White "Rosol, Alexander"]
[Black "Simacek, Vaclav"]
[Result "1-0"]
[WhiteElo "2001"]
[BlackElo "1856"]
[PlyCount "87"]
[EventDate "2022.07.01"]
[EventType "swiss"]
[EventRounds "9"]
[EventCountry "CZE"]
[SourceTitle "CBM 209 Extra"]
[Source "ChessBase"]
[SourceDate "2022.09.30"]
[SourceVersion "1"]
[SourceVersionDate "2022.09.30"]
[SourceQuality "1"]

1. e4 Nc6 2. d4 d5 3. Nc3 dxe4 4. d5 Nb8 5. Nxe4 Nf6 6. Nxf6+ exf6 7. Bb5+ c6 8. Qe2+ Be7 9. dxc6 Nxc6 10. Nf3 0-0 11. 0-0 Re8 12. Rd1 Qc7 13. Nd4 Bd7 14. Be3 Bd6 15. Qh5 Re5 16. Qh4 g5 17. Qh6 Bf8 18. Qh5 Nxd4 19. Bxd7 Ne6 20. Ba4 b5 21. Bb3 Ng7 22. Qf3 Rae8 23. Qxf6 Nh5 24. Qf3 Nf4 25. g3 Ne6 26. c3 Bc5 27. Bd4 g4 28. Bxe5 Qxe5 29. Qxg4+ Kh8 30. Bxe6 fxe6 31. Rd3 Rg8 32. Qd1 h5 33. Rf3 h4 34. Qd2 Qh5 35. Kg2 h3+ 36. Kg1 Rg7 37. Rf4 Be7 38. Re1 e5 39. Qd5 Rg5 40. Rfe4 Bf6 41. R4e3 Qg6 42. Qxb5 Qc2 43. Qa6 Rf5 44. R3e2 1-0

[Event "CZE-chT2A 2122"]
[Site "Czech Republic"]
[Date "2021.11.07"]
[Round "2.8"]
[White "Simacek, Vaclav"]
[Black "Zikmund, Alexandr"]
[Result "1/2-1/2"]
[WhiteElo "1842"]
[BlackElo "1745"]
[PlyCount "158"]
[EventDate "2021.10.17"]
[EventType "team-tourn"]
[EventRounds "11"]
[EventCountry "CZE"]
[SourceTitle "EXT 2025"]
[Source "ChessBase"]
[SourceDate "2024.10.14"]
[SourceVersion "1"]
[SourceVersionDate "2024.10.14"]
[SourceQuality "1"]
[WhiteTeam "Klatovy"]
[BlackTeam "Prachatice Tatran"]
[WhiteTeamCountry "CZE"]
[BlackTeamCountry "CZE"]

1. e4 c5 2. b4 cxb4 3. Nf3 d6 4. d4 Nf6 5. Bb5+ Bd7 6. Qe2 a6 7. Bxd7+ Nbxd7 8. e5 dxe5 9. dxe5 Nd5 10. e6 fxe6 11. Qxe6 Nc5 12. Qg4 Qd7 13. Qh5+ g6 14. Qe5 Qd6 15. Bb2 Qxe5+ 16. Bxe5 Rg8 17. 0-0 Bg7 18. Re1 0-0-0 19. a3 bxa3 20. Rxa3 Bxe5 21. Nxe5 e6 22. c4 Nc7 23. Nc3 Nd3 24. Nxd3 Rxd3 25. g3 Rgd8 26. Kg2 R8d4 27. Nb1 Rxa3 28. Nxa3 Kd7 29. Rc1 Kc6 30. Rc3 Kc5 31. Rf3 Rd7 32. Rb3 b6 33. Kf3 Rd4 34. Ke3 Rd1 35. h4 Ne8 36. Ke2 Rd7 37. Nc2 Nd6 38. Ne3 a5 39. f4 a4 40. Ra3 Kb4 41. Nc2+ Kxc4 42. Rxa4+ Kb3 43. Rb4+ Kxc2 44. Rxb6 Kc3 45. Kf3 Nf5 46. g4 Ng7 47. Ke4 Rf7 48. Ra6 Rb7 49. Ra3+ Kc4 50. Ke5 Rf7 51. Ra8 h5 52. gxh5 Rf5+ 53. Ke4 Nxh5 54. Ke3 Kd5 55. Rd8+ Kc6 56. Rd4 Rd5 57. Rc4+ Kd6 58. Kf3 Ke7 59. Rc7+ Kf6 60. Rc8 Kf5 61. Rf8+ Nf6 62. Rf7 Rd3+ 63. Kg2 Rd4 64. Kg3 Rxf4 65. Rxf6+ Kxf6 66. Kxf4 e5+ 67. Kg4 Kg7 68. Kg5 e4 69. Kf4 Kh6 70. Kxe4 Kh5 71. Kf3 Kxh4 72. Kg2 Kg4 73. Kf1 Kg3 74. Kg1 g5 75. Kh1 Kf2 76. Kh2 g4 77. Kh1 Kf3 78. Kh2 g3+ 79. Kh1 Kg4 1/2-1/2

[Event "Arber op 8th"]
[Site "Bodenmais"]
[Date "2019.07.27"]
[Round "1"]
[White "Simacek, Vaclav"]
[Black "Schleining, Zoya"]
[Result "0-1"]
[WhiteElo "1809"]
[BlackElo "2339"]
[PlyCount "64"]
[EventDate "2019.07.27"]
[EventType "swiss"]
[EventRounds "9"]
[EventCountry "GER"]
[SourceTitle "CBM 191 Extra"]
[Source "ChessBase"]
[SourceDate "2019.09.30"]
[SourceVersion "1"]
[SourceVersionDate "2019.09.30"]
[SourceQuality "1"]

1. e4 c5 2. b4 d6 3. bxc5 dxc5 4. Nf3 Nf6 5. e5 Nd5 6. Bc4 Nc6 7. Bb2 Bf5 8. 0-0 e6 9. Nc3 Be7 10. Qe2 0-0 11. Nxd5 exd5 12. Bd3 Be6 13. c3 Qd7 14. a4 Rae8 15. Bc2 f5 16. d4 c4 17. a5 f4 18. Ba3 Bxa3 19. Rxa3 Qe7 20. Ra2 Rb8 21. h4 Bg4 22. Bxh7+ Kxh7 23. e6 Bxf3 24. Qxf3 Qxe6 25. Re2 Qf5 26. Rfe1 Rf6 27. Re5 Nxe5 28. Rxe5 Qb1+ 29. Kh2 Rf5 30. Qxd5 Rbf8 31. Qxc4 Rxe5 32. dxe5 Qf5 0-1

[Event "Regionalliga Sued-Ost 1819"]
[Site "Bayern"]
[Date "2019.01.20"]
[Round "5.7"]
[White "Hartmann, Erwin"]
[Black "Simacek, Vaclav"]
[Result "1/2-1/2"]
[WhiteElo "1740"]
[BlackElo "1825"]
[PlyCount "94"]
[EventDate "2018.10.21"]
[EventType "team-tourn"]
[EventRounds "9"]
[EventCountry "GER"]
[SourceTitle "EXT 2022"]
[Source "ChessBase"]
[SourceDate "2021.10.06"]
[SourceVersion "1"]
[SourceVersionDate "2021.10.06"]
[SourceQuality "1"]
[WhiteTeam "Grafenau"]
[BlackTeam "Bayerwald Regen/Zwiesel"]
[WhiteTeamCountry "GER"]
[BlackTeamCountry "GER"]

1. e4 Nc6 2. Nf3 e5 3. d4 exd4 4. Nxd4 Bc5 5. Be3 Qf6 6. c3 Nge7 7. Be2 d5 8. Bf3 Nxd4 9. Bxd4 Bxd4 10. Qxd4 Qxd4 11. cxd4 dxe4 12. Bxe4 0-0 13. Nc3 Bf5 14. f3 Rfe8 15. 0-0-0 c6 16. Rhe1 Bg6 17. d5 Nxd5 18. Bxd5 Rxe1 19. Bxf7+ Kxf7 20. Rxe1 Rd8 21. Rd1 Rxd1+ 22. Kxd1 Ke6 23. Kd2 Ke5 24. Ke3 Bf7 25. a3 a5 26. g3 b5 27. Ne4 h6 28. f4+ Kd5 29. Nd2 Bg6 30. g4 Bc2 31. h3 b4 32. axb4 axb4 33. Nf3 c5 34. f5 Be4 35. Nd2 Bg2 36. h4 c4 37. Kf4 c3 38. bxc3 bxc3 39. Nb3 Bf1 40. g5 Bc4 41. Nc1 h5 42. f6 gxf6 43. gxf6 Ke6 44. Kg5 Ke5 45. Kxh5 Kxf6 46. Kg4 Ke5 47. Kf3 Kf5 1/2-1/2

[Event "Arber op 7th"]
[Site "Bodenmais"]
[Date "2018.08.05"]
[Round "9"]
[White "Simacek, Vaclav"]
[Black "Naumann, Thomas"]
[Result "1/2-1/2"]
[WhiteElo "1868"]
[BlackElo "1710"]
[PlyCount "99"]
[EventDate "2018.07.28"]
[EventType "swiss"]
[EventRounds "9"]
[EventCountry "GER"]
[SourceTitle "EXT 2019"]
[Source "ChessBase"]
[SourceDate "2018.10.10"]
[SourceVersion "1"]
[SourceVersionDate "2018.10.10"]
[SourceQuality "1"]

1. e4 d6 2. d4 Nf6 3. Nc3 g6 4. Nf3 Bg7 5. Bc4 0-0 6. 0-0 Nxe4 7. Nxe4 d5 8. Bd3 dxe4 9. Bxe4 Nd7 10. c3 Nf6 11. Bd3 Qd6 12. Ne5 c5 13. Be3 b6 14. Be2 Bb7 15. Nc4 Qd5 16. Bf3 Qxc4 17. Bxb7 Rab8 18. Bf3 cxd4 19. Bxd4 Rbd8 20. Qb3 Qc7 21. Rfe1 e6 22. Be5 Qc5 23. Rad1 Qe7 24. Bg3 Rxd1 25. Rxd1 Rd8 26. h3 Rxd1+ 27. Qxd1 e5 28. Bc6 Nh5 29. Bh2 h6 30. Qe2 Qe6 31. Bf3 Qxa2 32. Bxh5 gxh5 33. Bg3 Qb1+ 34. Kh2 Qf5 35. f3 Bf6 36. Qe4 Qxe4 37. fxe4 h4 38. Bf2 Bg5 39. Kg1 Kf8 40. Kf1 Ke7 41. Ke2 Ke6 42. Kd3 f5 43. b3 Bd8 44. c4 Be7 45. Be1 Bd8 46. Bb4 Bg5 47. Bf8 h5 48. c5 bxc5 49. Bxc5 a6 50. Bb4 1/2-1/2

[Event "Arber op 7th"]
[Site "Bodenmais"]
[Date "2018.07.30"]
[Round "3"]
[White "Simacek, Vaclav"]
[Black "Rempe, Jonas"]
[Result "0-1"]
[WhiteElo "1868"]
[BlackElo "1567"]
[PlyCount "86"]
[EventDate "2018.07.28"]
[EventType "swiss"]
[EventRounds "9"]
[EventCountry "GER"]
[SourceTitle "CBM 185 Extra"]
[Source "ChessBase"]
[SourceDate "2018.07.29"]
[SourceVersion "1"]
[SourceVersionDate "2018.07.29"]
[SourceQuality "1"]

1. e4 e5 2. Nc3 Nf6 3. f4 d5 4. exd5 Nxd5 5. fxe5 Nxc3 6. bxc3 Qh4+ 7. Ke2 Qc4+ 8. Kf2 Bc5+ 9. d4 Qxc3 10. Be3 Bb6 11. Bb5+ Bd7 12. Ne2 Qa3 13. Bc4 Nc6 14. Bb3 0-0-0 15. Rf1 Bg4 16. c3 Nxe5 17. Rc1 Bf5 18. h3 Nd3+ 19. Kg1 Nxc1 20. Bxc1 Qa5 21. c4 Bg6 22. Kh1 Qh5 23. Rf3 Be4 24. Rg3 Bxd4 25. Nxd4 Qxd1+ 26. Bxd1 Rxd4 27. Be2 Bg6 28. Bb2 Rd2 29. Bg4+ f5 30. Bxg7 Rg8 31. Bc3 Rdd8 32. Bf3 Kb8 33. Bd5 Bf7 34. Rd3 Bxd5 35. cxd5 Rg6 36. Be5 Ra6 37. Rg3 Rg6 38. Rc3 Rxd5 39. Bxc7+ Kc8 40. Bf4+ Kd8 41. g3 Re6 42. Rc2 Rd1+ 43. Kg2 Ree1 0-1

[Event "Klatovy op-B 24th"]
[Site "Klatovy"]
[Date "2018.07.08"]
[Round "9"]
[White "Schille, Hannes"]
[Black "Simacek, Vaclav"]
[Result "0-1"]
[WhiteElo "1750"]
[BlackElo "1868"]
[PlyCount "88"]
[EventDate "2018.06.30"]
[EventType "swiss"]
[EventRounds "9"]
[EventCountry "CZE"]
[SourceTitle "EXT 2019"]
[Source "ChessBase"]
[SourceDate "2018.10.10"]
[SourceVersion "1"]
[SourceVersionDate "2018.10.10"]
[SourceQuality "1"]

1. d4 Nf6 2. Nf3 c5 3. c3 e6 4. Bg5 Be7 5. e3 cxd4 6. exd4 0-0 7. Bxf6 Bxf6 8. Bd3 Nc6 9. Qc2 h6 10. 0-0 a6 11. Nbd2 b5 12. Ne4 Be7 13. a3 f5 14. Ng3 Bb7 15. Ne2 Bd6 16. Rae1 Qf6 17. Nc1 Ne7 18. Ne5 Bxe5 19. dxe5 Qg6 20. f4 Nd5 21. Nb3 Rac8 22. Qf2 Nxc3 23. bxc3 Rxc3 24. Bc2 Rfc8 25. Re2 Bd5 26. Rb1 Rf3 27. Qe1 Rxf4 28. Rf2 Rfc4 29. Qd1 Qg5 30. Qc1 Qg4 31. Rb2 Rc3 32. Qd2 b4 33. Bxf5 Qh5 34. axb4 Bxb3 35. Be4 Qxe5 36. Bb7 Rc1+ 37. Rf1 Rxf1+ 38. Kxf1 Rf8+ 39. Kg1 Bc4 40. Rb1 d5 41. Re1 Qc7 42. Bxd5 exd5 43. Qd4 Qe7 44. Rd1 Qxb4 0-1

[Event "Klatovy op-B 24th"]
[Site "Klatovy"]
[Date "2018.07.03"]
[Round "4"]
[White "Simacek, Vaclav"]
[Black "Vasko, Pavel"]
[Result "1/2-1/2"]
[WhiteElo "1868"]
[BlackElo "1610"]
[PlyCount "121"]
[EventDate "2018.06.30"]
[EventType "swiss"]
[EventRounds "9"]
[EventCountry "CZE"]
[SourceTitle "CBM 185 Extra"]
[Source "ChessBase"]
[SourceDate "2018.07.29"]
[SourceVersion "1"]
[SourceVersionDate "2018.07.29"]
[SourceQuality "1"]

1. e4 e5 2. Nc3 Nf6 3. f4 d6 4. Nf3 Nbd7 5. Bc4 Be7 6. 0-0 0-0 7. d3 exf4 8. Bxf4 Nb6 9. Bb3 Nh5 10. Be3 Be6 11. Nd4 Bxb3 12. Qxh5 Be6 13. Nxe6 fxe6 14. Qg4 e5 15. Rxf8+ Qxf8 16. Rf1 Qc8 17. Qh5 Qe6 18. Rf3 c6 19. Rh3 h6 20. Rg3 Kh7 21. b3 Rf8 22. a4 Nd7 23. d4 a6 24. d5 Qf7 25. Qe2 c5 26. Rf3 Qe8 27. Rxf8 Qxf8 28. Qg4 Nf6 29. Qf5+ g6 30. Qe6 Bd8 31. Qc8 Qe7 32. Qh3 Qf8 33. Qf3 Qe7 34. Ne2 Qd7 35. h3 Qc7 36. Bd2 Qe7 37. g4 Ng8 38. Kg2 Qf6 39. b4 Bb6 40. a5 Ba7 41. Be3 Qxf3+ 42. Kxf3 Nf6 43. Ng3 b6 44. axb6 Bxb6 45. Bd2 Nd7 46. c3 a5 47. bxa5 Bxa5 48. h4 Nf6 49. g5 hxg5 50. Bxg5 Kg7 51. c4 Be1 52. Nf1 Kf7 53. Ke2 Ba5 54. Bxf6 Kxf6 55. Ng3 Bd8 56. h5 gxh5 57. Nxh5+ Kg5 58. Ng7 Kf4 59. Kd3 Kf3 60. Nf5 Bc7 61. Nh6 1/2-1/2

[Event "CZE-chT2A 1718"]
[Site "Czech Republic"]
[Date "2018.02.25"]
[Round "9.8"]
[White "Simacek, Vaclav"]
[Black "Minarik, Petr"]
[Result "1/2-1/2"]
[WhiteElo "1875"]
[BlackElo "1817"]
[PlyCount "59"]
[EventDate "2017.10.15"]
[EventType "team-tourn"]
[EventRounds "11"]
[EventCountry "CZE"]
[SourceTitle "EXT 2022"]
[Source "ChessBase"]
[SourceDate "2021.10.06"]
[SourceVersion "1"]
[SourceVersionDate "2021.10.06"]
[SourceQuality "1"]
[WhiteTeam "Klatovy"]
[BlackTeam "Kladno"]
[WhiteTeamCountry "CZE"]
[BlackTeamCountry "CZE"]

1. e4 c5 2. b4 d6 3. b5 Nf6 4. Nc3 e6 5. Nf3 Be7 6. Bb2 0-0 7. d4 cxd4 8. Qxd4 Qc7 9. Bd3 Qc5 10. Qxc5 dxc5 11. e5 Nd5 12. Be4 Nxc3 13. Bxc3 Nd7 14. 0-0 Rb8 15. a4 b6 16. Nd2 Bb7 17. Bxb7 Rxb7 18. Nc4 Rd8 19. Rad1 Nb8 20. Rxd8+ Bxd8 21. Nd6 Rd7 22. f4 Bc7 23. Nc8 Bd8 24. Kf2 Rc7 25. Nd6 Rd7 26. Ke3 Be7 27. f5 Bxd6 28. fxe6 fxe6 29. exd6 Rf7 30. Rf4 1/2-1/2

[Event "Arber op 6th"]
[Site "Bodenmais"]
[Date "2017.08.03"]
[Round "6"]
[White "Simacek, Vaclav"]
[Black "Gower, Sam"]
[Result "1-0"]
[WhiteElo "1830"]
[BlackElo "2108"]
[PlyCount "109"]
[EventDate "2017.07.29"]
[EventType "swiss"]
[EventRounds "9"]
[EventCountry "GER"]
[SourceTitle "CBM 179 Extra"]
[Source "ChessBase"]
[SourceDate "2017.08.23"]
[SourceVersion "1"]
[SourceVersionDate "2017.08.23"]
[SourceQuality "1"]

1. e4 d5 2. exd5 Qxd5 3. Nc3 Qd8 4. Bc4 Nf6 5. Nf3 a6 6. 0-0 b5 7. Bb3 c5 8. d3 e6 9. Ne5 Be7 10. Qf3 Ra7 11. a4 b4 12. Ne4 0-0 13. Qg3 Nxe4 14. dxe4 Bb7 15. Bh6 Bf6 16. Rad1 Qe7 17. Bf4 Ra8 18. Nc4 e5 19. Nxe5 Bh4 20. Qd3 Bf6 21. Nc4 Bxe4 22. Qg3 Qa7 23. Rfe1 Bg6 24. Bd6 Rd8 25. Ne5 Bxe5 26. Rxe5 Nc6 27. Ree1 Nd4 28. Qe5 Nxb3 29. cxb3 h6 30. Bxc5 Qb7 31. Bd4 f6 32. Qg3 Qf7 33. Bb6 Rxd1 34. Rxd1 Rc8 35. h3 Kh7 36. Rd4 Qe6 37. a5 Rc1+ 38. Kh2 Qe1 39. Qe3 Qg1+ 40. Kg3 Rc2 41. Rxb4 Qf1 42. Qf4 Re2 43. Be3 h5 44. Rb7 h4+ 45. Qxh4+ Kg8 46. Rb8+ Kf7 47. Qc4+ Ke7 48. Rb7+ Kd6 49. Qd4+ Ke6 50. Rb6+ Kf7 51. Qd5+ Ke8 52. Qe6+ Kd8 53. Rd6+ Kc7 54. Qe7+ Kc8 55. Rd8# 1-0

[Event "Klatovy op-B 23rd"]
[Site "Klatovy"]
[Date "2017.07.09"]
[Round "9"]
[White "Leseticky, Vladimir"]
[Black "Simacek, Vaclav"]
[Result "0-1"]
[WhiteElo "1685"]
[BlackElo "1830"]
[PlyCount "106"]
[EventDate "2017.07.01"]
[EventType "swiss"]
[EventRounds "9"]
[EventCountry "CZE"]
[SourceTitle "EXT 2018"]
[Source "ChessBase"]
[SourceDate "2017.10.13"]
[SourceVersion "1"]
[SourceVersionDate "2017.10.13"]
[SourceQuality "1"]

1. Nf3 Nf6 2. b3 e6 3. Bb2 c5 4. e3 Nc6 5. Be2 b6 6. 0-0 Be7 7. d4 0-0 8. dxc5 Bxc5 9. c4 Bb7 10. Nc3 Rc8 11. Nb5 d5 12. cxd5 Nxd5 13. Rc1 Qe7 14. a3 Rfd8 15. Nfd4 a6 16. Nxc6 Bxc6 17. Nd4 Bb7 18. b4 Bxd4 19. Qxd4 f6 20. Bd3 e5 21. Qh4 g5 22. Qe4 Nc3 23. Qxh7+ Qxh7 24. Bxh7+ Kxh7 25. Rxc3 Rd2 26. Rxc8 Bxc8 27. Bc1 Ra2 28. h3 Bf5 29. g4 Bc2 30. Kg2 a5 31. bxa5 bxa5 32. Kg3 a4 33. Re1 Bb3 34. Rg1 e4 35. Re1 Kg6 36. Rg1 Rc2 37. Re1 Bc4 38. Rg1 Be2 39. Re1 Bf3 40. Rf1 Kf7 41. Rg1 Ke6 42. Re1 Kd5 43. Rg1 Kc4 44. h4 gxh4+ 45. Kxh4 Rxf2 46. g5 fxg5+ 47. Kxg5 Kc3 48. Kf4 Rg2 49. Re1 Kc2 50. Ke5 Rg8 51. Kd4 Rd8+ 52. Kc4 Rd1 53. Rxd1 Bxd1 0-1

[Event "Klatovy op-B 23rd"]
[Site "Klatovy"]
[Date "2017.07.08"]
[Round "8"]
[White "Simacek, Vaclav"]
[Black "Cyron, Karel"]
[Result "0-1"]
[WhiteElo "1830"]
[BlackElo "1774"]
[PlyCount "106"]
[EventDate "2017.07.01"]
[EventType "swiss"]
[EventRounds "9"]
[EventCountry "CZE"]
[SourceTitle "EXT 2018"]
[Source "ChessBase"]
[SourceDate "2017.10.13"]
[SourceVersion "1"]
[SourceVersionDate "2017.10.13"]
[SourceQuality "1"]

1. e4 Nf6 2. e5 Nd5 3. c4 Nb6 4. c5 Nd5 5. Nc3 c6 6. Bc4 e6 7. Ne4 Qh4 8. Bxd5 cxd5 9. Nd6+ Bxd6 10. cxd6 Qe4+ 11. Qe2 Qxg2 12. d3 Qxh1 13. Qg4 Kf8 14. Bg5 b6 15. 0-0-0 Ba6 16. Nf3 Qxd1+ 17. Kxd1 Bxd3 18. Kd2 Bf5 19. Qh4 Nc6 20. Be3 h6 21. b4 Kg8 22. b5 Na5 23. Qe7 Be4 24. Nd4 Nc4+ 25. Ke2 Nxe5 26. h3 Kh7 27. f3 Rhe8 28. Qh4 Bg6 29. Bd2 Rac8 30. Qg3 Nc4 31. Bb4 e5 32. Nc6 e4 33. Ne7 exf3+ 34. Qxf3 d4 35. Qb7 d3+ 36. Kf2 Rb8 37. Qxd7 d2 38. Bxd2 Nxd2 39. Qxa7 Nc4 40. Kg1 Nxd6 41. Nc6 Rb7 42. Qa4 Rd7 43. Qd4 Re4 44. Qd5 Re6 45. Qd4 Rc7 46. a4 Rc8 47. Qxb6 Rce8 48. Nd4 Rf6 49. Qa5 Re5 50. Qd2 Rg5+ 51. Kh2 Ne4 52. Qe3 Rf2+ 53. Kh1 Rgg2 0-1

[Event "Klatovy op-B 23rd"]
[Site "Klatovy"]
[Date "2017.07.04"]
[Round "4"]
[White "Masek, Jan"]
[Black "Simacek, Vaclav"]
[Result "0-1"]
[WhiteElo "1915"]
[BlackElo "1830"]
[PlyCount "106"]
[EventDate "2017.07.01"]
[EventType "swiss"]
[EventRounds "9"]
[EventCountry "CZE"]
[SourceTitle "EXT 2018"]
[Source "ChessBase"]
[SourceDate "2017.10.13"]
[SourceVersion "1"]
[SourceVersionDate "2017.10.13"]
[SourceQuality "1"]

1. e4 Nc6 2. d4 d5 3. e5 Bf5 4. c3 f6 5. f4 Nh6 6. Bd3 e6 7. Nf3 Qd7 8. Qe2 Bxd3 9. Qxd3 Be7 10. b4 a5 11. b5 Na7 12. a4 c6 13. Na3 Nf7 14. 0-0 0-0 15. Bd2 fxe5 16. fxe5 c5 17. Nc2 Nc8 18. Be3 Nb6 19. Bc1 Nc4 20. Ne3 cxd4 21. cxd4 Rac8 22. Ng4 Nh8 23. h4 Ng6 24. g3 Rf5 25. Kg2 Rcf8 26. Ra2 h5 27. Ngh2 Qe8 28. Kg1 Bd8 29. Qe2 Bb6 30. Ba3 Nxa3 31. Rxa3 Qc8 32. Kg2 Bd8 33. Kg1 R8f7 34. Qd3 Rc7 35. Nd2 Rc1 36. Nhf3 Be7 37. Ra1 Rc3 38. Qe2 Rc2 39. Ne1 Rxf1+ 40. Kxf1 Qf8+ 41. Kg2 Rb2 42. Nd3 Rc2 43. Rf1 Qc8 44. Rf2 Qc3 45. Qe3 Bb4 46. Nb1 Rxf2+ 47. Kxf2 Qc2+ 48. Qe2 Qxb1 49. Nxb4 axb4 50. Qd2 b3 51. Ke3 Ne7 52. Qc3 Nf5+ 53. Kf3 Qe4+ 0-1